Terumbu karang

Bibliographic Details
Main Author: Safian Sulaiman
Corporate Author: Title
Format: Book
Published: Kuala Lumpur : Dewan Bahasa dan Pustaka , 2005
Series:Warisan alam Malaysia
Subjects:

MARC

LEADER 00000cam a2200000 7i4500
001 0000005018
005 20151222.0
008 070801
020 |a 983628298X(set) 
020 |a 9836283072 
090 0 0 |a JF   |b NH MAL (5645) 
100 0 |a Safian Sulaiman 
245 1 0 |a Terumbu karang   |c Safian Sulaiman; illustrasi Ahmed Fauzi Mohamed dan Tetriana Ahmed Fauzi 
260 |a Kuala Lumpur :   |b Dewan Bahasa dan Pustaka ,   |c 2005 
440 0 |a Warisan alam Malaysia 
500 |a Children ages 7-9 years old (orange) 
650 0 |a Junior fiction   |x Malay   |x Languages 
650 0 |a Natural history 
710 0 |a Title 
999 |a 0000978905   |b Book   |c Children Collection   |e Perbadanan Perpustakaan Awam Johor 
999 |a 0000978907   |b Book   |c Children Collection   |e Perbadanan Perpustakaan Awam Johor